[Event "IECC M email"]
[Site "IECC email"]
[Date "2000.09.06"]
[Round "?"]
[White "Lilja, Gunnar"]
[Black "Tan, Jacinto"]
[Result "1-0"]
[WhiteElo "1561"]
[BlackElo "1381"]
[PlyCount "49"]
[EventDate "2000.??.??"]
[EventType "tourn (corr)"]
[EventRounds "2"]
[SourceTitle "Corr 2008"]
[Source "ChessBase"]
[SourceDate "2008.06.24"]
[SourceVersion "1"]
[SourceVersionDate "2008.06.24"]
[SourceQuality "1"]

1. d4 e6 2. e4 d5 3. e5 c5 4. c3 Nc6 5. Nf3 Qb6 6. Be2 Bd7 7. 0-0 c4 8. b3 Na5 9. Nbd2 Rc8 10. Qc2 cxb3 11. axb3 Bb5 12. c4 dxc4 13. bxc4 Ne7 14. Qa2 Nxc4 15. Nxc4 Bxc4 16. Bxc4 Nf5 17. Rb1 Qc7 18. Bb5+ Kd8 19. Bg5+ Be7 20. Rfc1 Qb8 21. Rxc8+ Qxc8 22. Qxa7 Bxg5 23. Nxg5 Nh6 24. Ba6 Ke7 25. Rxb7+ 1-0

[Event "IECC M email"]
[Site "IECC email"]
[Date "2000.09.06"]
[Round "?"]
[White "Tan, Jacinto"]
[Black "Lilja, Gunnar"]
[Result "1-0"]
[WhiteElo "1361"]
[BlackElo "1569"]
[PlyCount "53"]
[EventDate "2000.??.??"]
[EventType "tourn (corr)"]
[EventRounds "2"]
[SourceTitle "Corr 2008"]
[Source "ChessBase"]
[SourceDate "2008.06.24"]
[SourceVersion "1"]
[SourceVersionDate "2008.06.24"]
[SourceQuality "1"]

1. d4 d5 2. e4 dxe4 3. Nc3 Nf6 4. f3 exf3 5. Nxf3 e6 6. Bg5 Bb4 7. Bd3 Nc6 8. Qd2 0-0 9. 0-0-0 h6 10. Bxh6 Bxc3 11. bxc3 Ne8 12. Bg5 f6 13. Bf4 Qe7 14. Kb2 e5 15. Rhe1 Be6 16. dxe5 fxe5 17. Nxe5 Nxe5 18. Bxe5 Qc5 19. Qe2 Rf2 20. Qe4 Qb6+ 21. Ka1 Rf7 22. Qh7+ Kf8 23. Qh8+ Ke7 24. Qh4+ Kf8 25. Bd4 Qc6 26. Rxe6 Qxe6 27. Qh8+ 1-0

[Event "IECC M email"]
[Site "IECC email"]
[Date "2000.07.04"]
[Round "?"]
[White "Reilly, Jim"]
[Black "Lilja, Gunnar"]
[Result "1-0"]
[WhiteElo "1597"]
[BlackElo "1579"]
[PlyCount "21"]
[EventDate "2000.??.??"]
[EventType "tourn (corr)"]
[EventRounds "2"]
[SourceTitle "Corr 2008"]
[Source "ChessBase"]
[SourceDate "2008.06.24"]
[SourceVersion "1"]
[SourceVersionDate "2008.06.24"]
[SourceQuality "1"]

1. e4 e5 2. Nf3 Nc6 3. Bb5 a6 4. Ba4 Nf6 5. 0-0 b5 6. Bb3 Bb7 7. Re1 Be7 8. c3 d5 9. exd5 Na5 10. Nxe5 Nxb3 11. axb3 1-0

[Event "IECC M email"]
[Site "IECC email"]
[Date "2000.02.01"]
[Round "?"]
[White "Lilja, Gunnar"]
[Black "Good, Benjamin"]
[Result "1/2-1/2"]
[WhiteElo "1533"]
[BlackElo "1510"]
[PlyCount "82"]
[EventDate "2000.??.??"]
[EventType "tourn (corr)"]
[EventRounds "2"]
[SourceTitle "Corr 2008"]
[Source "ChessBase"]
[SourceDate "2008.06.24"]
[SourceVersion "1"]
[SourceVersionDate "2008.06.24"]
[SourceQuality "1"]

1. d4 d5 2. c4 e6 3. Nf3 c6 4. e3 Nf6 5. Nc3 Nbd7 6. Qc2 Bd6 7. Bd2 0-0 8. Bd3 dxc4 9. Bxc4 e5 10. 0-0 Qe7 11. Bd3 Re8 12. Ng5 h6 13. Nge4 Bc7 14. Rae1 Nxe4 15. Nxe4 Nf6 16. f4 Nxe4 17. Bxe4 exd4 18. exd4 Qd6 19. Bc3 Be6 20. b3 Bb6 21. Qd3 Rad8 22. f5 Bc8 23. Kh1 Bxd4 24. f6 Bxf6 25. Bh7+ Kf8 26. Qxd6+ Rxd6 27. Bb4 Rxe1 28. Rxe1 Be7 29. Bxd6 Bxd6 30. Bd3 b5 31. g3 a6 32. Kg2 c5 33. Kf3 Be6 34. Bf1 g5 35. a4 Bxb3 36. axb5 axb5 37. Bxb5 Kg7 38. Ke4 Kf6 39. Kd3 Be6 40. Bc4 Bf5+ 41. Kd2 Bh3 1/2-1/2

[Event "SEMI ECT 5-B email"]
[Site "SEMI email"]
[Date "2000.??.??"]
[Round "?"]
[White "Rellias, Paul V"]
[Black "Lilja, Gunnar"]
[Result "0-1"]
[WhiteElo "1000"]
[BlackElo "1400"]
[PlyCount "48"]
[EventDate "2000.10.10"]
[EventType "tourn (corr)"]
[EventRounds "8"]
[EventCountry "ITA"]
[SourceTitle "Corr 2008"]
[Source "ChessBase"]
[SourceDate "2008.06.24"]
[SourceVersion "1"]
[SourceVersionDate "2008.06.24"]
[SourceQuality "1"]

1. e4 e5 2. Nf3 Nc6 3. d3 Nf6 4. b3 d5 5. Bg5 dxe4 6. dxe4 Qxd1+ 7. Kxd1 Nxe4 8. Bb5 Nxf2+ 9. Ke1 Nxh1 10. Bh4 Bd7 11. Ng5 h6 12. Ne4 f5 13. Kf1 Nd4 14. a3 Bxb5+ 15. Ke1 Nxc2+ 16. Kd1 Nxa1 17. Ned2 Bc6 18. g3 g5 19. a4 gxh4 20. gxh4 Rg8 21. a5 Rg1+ 22. Ke2 0-0-0 23. Nf3 Bb5+ 24. Ke3 Nc2# 0-1

[Event "IECC M email"]
[Site "IECC email"]
[Date "1999.10.16"]
[Round "?"]
[White "Lilja, Gunnar"]
[Black "Tosney, Paul"]
[Result "1-0"]
[WhiteElo "1495"]
[BlackElo "1308"]
[PlyCount "57"]
[EventDate "1999.??.??"]
[EventType "tourn (corr)"]
[EventRounds "6"]
[SourceTitle "Corr 2008"]
[Source "ChessBase"]
[SourceDate "2008.06.24"]
[SourceVersion "1"]
[SourceVersionDate "2008.06.24"]
[SourceQuality "1"]

1. d4 f5 2. g3 Nf6 3. Bg2 e6 4. Nf3 d5 5. c4 c6 6. 0-0 Bd6 7. c5 Bc7 8. Nc3 Nbd7 9. Bf4 Bxf4 10. gxf4 Nh5 11. e3 h6 12. b4 g5 13. Ne5 Ndf6 14. fxg5 hxg5 15. Qa4 Rg8 16. b5 Bd7 17. bxc6 bxc6 18. Rab1 Qc8 19. Rb3 f4 20. Rfb1 g4 21. Rb7 g3 22. fxg3 fxg3 23. h3 Ke7 24. Qxc6 Qxc6 25. Nxc6+ Ke8 26. Nxa7 Ng7 27. c6 Rxa7 28. cxd7+ Nxd7 29. Rxa7 1-0

[Event "IECC M email"]
[Site "IECC email"]
[Date "1999.10.16"]
[Round "?"]
[White "Tosney, Paul"]
[Black "Lilja, Gunnar"]
[Result "0-1"]
[WhiteElo "1317"]
[BlackElo "1486"]
[PlyCount "58"]
[EventDate "1999.??.??"]
[EventType "tourn (corr)"]
[EventRounds "6"]
[SourceTitle "Corr 2008"]
[Source "ChessBase"]
[SourceDate "2008.06.24"]
[SourceVersion "1"]
[SourceVersionDate "2008.06.24"]
[SourceQuality "1"]

1. c4 g6 2. e4 Bg7 3. g3 Nc6 4. Bg2 d6 5. Ne2 e5 6. b3 f5 7. d3 Nf6 8. 0-0 0-0 9. Bb2 fxe4 10. dxe4 Be6 11. Nbc3 Qd7 12. Nd5 Rf7 13. Bc1 Raf8 14. f3 a6 15. Nec3 Nd4 16. Be3 c6 17. Nb4 b5 18. cxb5 axb5 19. Rc1 c5 20. Nd3 b4 21. Ne2 Nh5 22. g4 Nxf3+ 23. Bxf3 Rxf3 24. Rxf3 Rxf3 25. Bxc5 dxc5 26. gxh5 Rxd3 27. Qe1 Bh6 28. Rb1 Bd2 29. Qh4 g5 0-1

[Event "IECC Quad email"]
[Site "IECC email"]
[Date "1999.08.30"]
[Round "?"]
[White "Valiantangel, John"]
[Black "Lilja, Gunnar"]
[Result "0-1"]
[WhiteElo "1426"]
[BlackElo "1435"]
[PlyCount "64"]
[EventDate "1999.??.??"]
[EventType "tourn (corr)"]
[EventRounds "6"]
[SourceTitle "Corr 2008"]
[Source "ChessBase"]
[SourceDate "2008.06.24"]
[SourceVersion "1"]
[SourceVersionDate "2008.06.24"]
[SourceQuality "1"]

1. f4 Nf6 2. Nf3 d5 3. e3 Bg4 4. b3 e6 5. Bb2 Bd6 6. Be2 0-0 7. 0-0 Nbd7 8. Nc3 a6 9. Ng5 Bxe2 10. Qxe2 h6 11. Nf3 b5 12. Qe1 c5 13. Ne2 Re8 14. Qg3 Qc7 15. a4 e5 16. fxe5 Nxe5 17. Nxe5 Ne4 18. Qf3 Bxe5 19. Bxe5 Rxe5 20. d4 cxd4 21. exd4 Ree8 22. Qf5 bxa4 23. Rxa4 Qxc2 24. Qxf7+ Kh8 25. Nf4 Qxb3 26. Ng6+ Kh7 27. Qf5 Nf6 28. Ne5+ Kg8 29. Rfa1 Qe3+ 30. Kh1 Rac8 31. Rf1 Rc1 32. g3 Rxf1+ 0-1

[Event "IECC Quad-652 email"]
[Site "IECC email"]
[Date "1998.12.12"]
[Round "?"]
[White "Lilja, Gunnar"]
[Black "Hargreaves, John Richard"]
[Result "1-0"]
[WhiteElo "1234"]
[BlackElo "936"]
[PlyCount "45"]
[EventDate "1998.??.??"]
[EventType "tourn (corr)"]
[EventRounds "6"]
[SourceTitle "Corr 2008"]
[Source "ChessBase"]
[SourceDate "2008.06.24"]
[SourceVersion "1"]
[SourceVersionDate "2008.06.24"]
[SourceQuality "1"]

1. d4 d5 2. c4 c6 3. c5 Bf5 4. Nf3 Nf6 5. Nc3 e6 6. Nh4 Bg4 7. h3 Bh5 8. g4 Bg6 9. Nxg6 hxg6 10. Bg2 Nbd7 11. Qb3 Qc7 12. g5 Nh5 13. e4 Be7 14. exd5 exd5 15. Bd2 f5 16. Ne2 Nf8 17. Qa4 Ne6 18. Bxd5 Nxg5 19. Bg2 Nf7 20. Ba5 Qd7 21. 0-0 0-0 22. d5 cxd5 23. Qxd7 1-0

[Event "IECC KO email"]
[Site "IECC email"]
[Date "1998.11.15"]
[Round "1"]
[White "Pereira, Paulo JM"]
[Black "Lilja, Gunnar"]
[Result "1/2-1/2"]
[WhiteElo "1390"]
[BlackElo "1296"]
[PlyCount "56"]
[EventDate "1998.??.??"]
[EventType "tourn (corr)"]
[EventRounds "6"]
[SourceTitle "Corr 2008"]
[Source "ChessBase"]
[SourceDate "2008.06.24"]
[SourceVersion "1"]
[SourceVersionDate "2008.06.24"]
[SourceQuality "1"]

1. e4 c5 2. Nf3 d6 3. d4 cxd4 4. Nxd4 Nf6 5. Nc3 a6 6. Be3 e6 7. Bd3 b5 8. 0-0 Bb7 9. f3 b4 10. Na4 d5 11. exd5 Nxd5 12. Bf2 Bd6 13. c4 bxc3 14. Nxc3 Nxc3 15. bxc3 Qc7 16. c4 Bxh2+ 17. Kh1 Nd7 18. Qe2 Bf4 19. Rfe1 0-0 20. Nxe6 fxe6 21. Qxe6+ Kh8 22. Qh3 Nf6 23. Rab1 Rae8 24. Bd4 Rxe1+ 25. Rxe1 Bc8 26. Qh4 Bg3 27. Re7 Qxe7 28. Qxg3 Qa3 1/2-1/2

[Event "IECC Trio 618 email"]
[Site "IECC email"]
[Date "1998.09.22"]
[Round "?"]
[White "Lilja, Gunnar"]
[Black "Biernbaum, Jon"]
[Result "1-0"]
[WhiteElo "1207"]
[BlackElo "1015"]
[PlyCount "57"]
[EventDate "1998.??.??"]
[EventType "tourn (corr)"]
[EventRounds "4"]
[SourceTitle "Corr 2008"]
[Source "ChessBase"]
[SourceDate "2008.06.24"]
[SourceVersion "1"]
[SourceVersionDate "2008.06.24"]
[SourceQuality "1"]

1. d4 Nf6 2. c4 e6 3. Nf3 g6 4. Nc3 Bg7 5. e4 0-0 6. e5 Ne8 7. Bg5 f6 8. exf6 Nxf6 9. Bd3 Qe8 10. 0-0 Nc6 11. Re1 Qf7 12. d5 exd5 13. cxd5 Nb4 14. Ne5 Qe8 15. Nxg6 Qxe1+ 16. Qxe1 Nxd3 17. Ne7+ Kh8 18. Qe2 Nc5 19. Nf5 Re8 20. Bxf6 Rxe2 21. Bxg7+ Kg8 22. Nxe2 d6 23. Neg3 Nd3 24. Rd1 Bxf5 25. Nxf5 Re8 26. Kf1 Nf4 27. g4 Kf7 28. Bh6 Re5 29. Bxf4 1-0

[Event "IECC Trio 595 email"]
[Site "IECC email"]
[Date "1998.08.08"]
[Round "?"]
[White "Richard, Andy"]
[Black "Lilja, Gunnar"]
[Result "0-1"]
[WhiteElo "1037"]
[BlackElo "1123"]
[PlyCount "46"]
[EventDate "1998.??.??"]
[EventType "tourn (corr)"]
[EventRounds "4"]
[SourceTitle "Corr 2008"]
[Source "ChessBase"]
[SourceDate "2008.06.24"]
[SourceVersion "1"]
[SourceVersionDate "2008.06.24"]
[SourceQuality "1"]

1. e4 e5 2. d4 exd4 3. c3 dxc3 4. Bc4 cxb2 5. Bxb2 Nc6 6. Nf3 Bb4+ 7. Nbd2 Nf6 8. Qc2 0-0 9. 0-0 d6 10. Rad1 Qe7 11. Rfe1 Bg4 12. Bxf6 Qxf6 13. Rb1 Bxf3 14. gxf3 Nd4 15. Qd3 Bxd2 16. Red1 Nxf3+ 17. Kh1 Qf4 18. Qxf3 Qxf3+ 19. Kg1 Qg4+ 20. Kf1 Qxe4 21. Bb3 Rfe8 22. Kg1 Re5 23. f3 Rg5+ 0-1

[Event "IECC M email"]
[Site "IECC email"]
[Date "1998.07.12"]
[Round "?"]
[White "Bassett, Lee"]
[Black "Lilja, Gunnar"]
[Result "0-1"]
[WhiteElo "988"]
[BlackElo "1113"]
[PlyCount "40"]
[EventDate "1998.??.??"]
[EventType "tourn (corr)"]
[EventRounds "12"]
[SourceTitle "Corr 2008"]
[Source "ChessBase"]
[SourceDate "2008.06.24"]
[SourceVersion "1"]
[SourceVersionDate "2008.06.24"]
[SourceQuality "1"]

1. Nf3 d5 2. e4 dxe4 3. Ng5 Nf6 4. Qe2 e6 5. Nxe4 Nbd7 6. d4 Nxe4 7. Qxe4 Be7 8. Qd3 0-0 9. Qh3 Nf6 10. b3 e5 11. Qd3 exd4 12. Qf3 Bb4+ 13. Bd2 Re8+ 14. Be2 Bg4 15. Qxb7 Rxe2+ 16. Kf1 Bxd2 17. Nxd2 Rxd2 18. f3 Nd5 19. fxg4 Qf6+ 20. Ke1 Qf2# 0-1